000 00753nam a2200289Ia 4500
005 20260324111710.0
008 008 260324s9999 xx 000 0 eng d
020 _a9781003431060
037 _aEBOOK
040 _aCRL
040 _beng
040 _cCRL
041 _2eng
041 _aeng
084 _qCRL
100 _aDag Balkmar; Anne-Charlott Callerstig; Marit Breivik-Meyer; Marta Lindvert; Gry Agnete Alsos
_91139645
245 0 _aGendering Entrepreneurial Ecosystems
245 0 _bLevelling the Field
260 _bTaylor and Francis
260 _c2025
365 _a
365 _b230
856 _uhttp://www.taylorfrancis.com/books/9781003431060
942 _cEBOOK
999 _c1728556
_d1728556